<?xml version="1.0" encoding="UTF-8"?>
<record
    xmlns:xsi="http://www.w3.org/2001/XMLSchema-instance"
    xsi:schemaLocation="http://www.loc.gov/MARC21/slim http://www.loc.gov/standards/marcxml/schema/MARC21slim.xsd"
    xmlns="http://www.loc.gov/MARC21/slim">

  <leader>01198nam a2200313 i 4500</leader>
  <controlfield tag="001">xx004200424</controlfield>
  <controlfield tag="003">NUKAT</controlfield>
  <controlfield tag="005">20260424202932.0</controlfield>
  <controlfield tag="008">171212s1925    pl           |000 0 pol c</controlfield>
  <datafield tag="035" ind1=" " ind2=" ">
    <subfield code="a">(OCoLC)1020437450</subfield>
  </datafield>
  <datafield tag="035" ind1=" " ind2=" ">
    <subfield code="a">(NUKAT)xx004200424</subfield>
  </datafield>
  <datafield tag="040" ind1=" " ind2=" ">
    <subfield code="a">&#x141; U/BWP</subfield>
    <subfield code="b">pol</subfield>
    <subfield code="e">rda</subfield>
    <subfield code="c">&#x141; U/BWP</subfield>
    <subfield code="d">&#x141; U/AS</subfield>
    <subfield code="d">&#x141; U/ASs</subfield>
    <subfield code="d">OLSZT 008/LL</subfield>
  </datafield>
  <datafield tag="099" ind1=" " ind2=" ">
    <subfield code="a">ja2017017187</subfield>
  </datafield>
  <datafield tag="100" ind1="1" ind2=" ">
    <subfield code="a">Koschembahr-&#x141;yskowski, Ignacy</subfield>
    <subfield code="d">(1864-1945).</subfield>
    <subfield code="e">Autor</subfield>
    <subfield code="9">40481</subfield>
  </datafield>
  <datafield tag="245" ind1="1" ind2="0">
    <subfield code="a">Historja prawa na zachodzie Europy /</subfield>
    <subfield code="c">oprac. wyk&#x142;ad&#xF3;w Ignacego Koschembahr-&#x141;yskowskiego.</subfield>
  </datafield>
  <datafield tag="246" ind1="3" ind2=" ">
    <subfield code="a">Historia prawa na zachodzie Europy</subfield>
  </datafield>
  <datafield tag="250" ind1=" " ind2=" ">
    <subfield code="a">Wydanie VIII.</subfield>
  </datafield>
  <datafield tag="260" ind1=" " ind2=" ">
    <subfield code="a">Warszawa :</subfield>
    <subfield code="b">Tow. B. A. Bukaty,</subfield>
    <subfield code="c">1925.</subfield>
  </datafield>
  <datafield tag="300" ind1=" " ind2=" ">
    <subfield code="a">192 strony ;</subfield>
    <subfield code="c">25 cm.</subfield>
  </datafield>
  <datafield tag="336" ind1=" " ind2=" ">
    <subfield code="a">Tekst</subfield>
    <subfield code="b">txt</subfield>
    <subfield code="2">rdacontent</subfield>
  </datafield>
  <datafield tag="337" ind1=" " ind2=" ">
    <subfield code="a">Bez urz&#x105;dzenia po&#x15B;rednicz&#x105;cego</subfield>
    <subfield code="b">n</subfield>
    <subfield code="2">rdamedia</subfield>
  </datafield>
  <datafield tag="338" ind1=" " ind2=" ">
    <subfield code="a">Wolumin</subfield>
    <subfield code="b">nc</subfield>
    <subfield code="2">rdacarrier</subfield>
  </datafield>
  <datafield tag="500" ind1=" " ind2=" ">
    <subfield code="a">Maszynopis powielany.</subfield>
  </datafield>
  <datafield tag="500" ind1=" " ind2=" ">
    <subfield code="a">Oznaczenie wydania na ok&#x142;adce.</subfield>
  </datafield>
  <datafield tag="510" ind1="4" ind2=" ">
    <subfield code="a">BP 1901-1939,</subfield>
    <subfield code="c">T. 18, poz. 119872</subfield>
  </datafield>
  <datafield tag="650" ind1=" " ind2="7">
    <subfield code="a">Prawo</subfield>
    <subfield code="z">Europa Zachodnia</subfield>
    <subfield code="x">historia</subfield>
    <subfield code="v">podr&#x119;czniki akademickie.</subfield>
    <subfield code="2">kaba</subfield>
    <subfield code="9">40483</subfield>
  </datafield>
  <datafield tag="710" ind1="2" ind2=" ">
    <subfield code="a">Zak&#x142;ady Graficzne Towarzystwa B. A. Bukaty (Warszawa).</subfield>
    <subfield code="e">Wydawca</subfield>
    <subfield code="4">pbl</subfield>
    <subfield code="9">40482</subfield>
  </datafield>
  <datafield tag="942" ind1=" " ind2=" ">
    <subfield code="2">ddc</subfield>
    <subfield code="c">BK_NM</subfield>
  </datafield>
  <datafield tag="999" ind1=" " ind2=" ">
    <subfield code="c">27750</subfield>
    <subfield code="d">27750</subfield>
  </datafield>
  <datafield tag="952" ind1=" " ind2=" ">
    <subfield code="0">0</subfield>
    <subfield code="1">0</subfield>
    <subfield code="2">ddc</subfield>
    <subfield code="4">0</subfield>
    <subfield code="7">0</subfield>
    <subfield code="8">PBKH</subfield>
    <subfield code="a">BIP</subfield>
    <subfield code="b">PBKH</subfield>
    <subfield code="d">2026-04-24</subfield>
    <subfield code="e">K-69/1965</subfield>
    <subfield code="f">K</subfield>
    <subfield code="i">16416</subfield>
    <subfield code="l">0</subfield>
    <subfield code="o">16416</subfield>
    <subfield code="p">IPWK16656</subfield>
    <subfield code="r">2026-04-24 14:08:36</subfield>
    <subfield code="w">2026-04-24</subfield>
    <subfield code="y">BK_NM</subfield>
  </datafield>
</record>
